000 00553nam a2200241 a 4500
001 nice12345678
003 IN_TiNIC
005 20260116011533.0
008 050524s1968 egya grp 000 0 ara
020 _a
_c100
082 0 0 _a239
_bMAN
100 _aMansoor, Yassi
245 _aLikai La Nunkir Al Masih.
260 _aEgypt
_bAlexandria
_c1968
300 _a76p
500 _aincludes index and biblioraphy
505 2 _aIndex
650 _aApologetics
700 1 _aMansoor, Yassi
902 _bSRS
942 _cBK
999 _c2431
_d2431